000 00304nam a22001337a 4500
008 170823b xxu||||| |||| 00| 0 eng d
020 _a0934613314
041 _aeng
080 _a51
100 _a38
101 _aMAT
245 _aLOGICAL OF ARTIFICIAL INTELLEGNTE
_cNILSON.J.N
942 _2udc
_cBK
999 _c24658
_d24658